000 00295nam a22001337a 4500
008 170822b xxu||||| |||| 00| 0 eng d
020 _a04691084981
041 _aeng
080 _a51
100 _a38
101 _aMAT
245 _aLIE GROUPS LIE ALGEBRA
_cKNAPP.A.W
942 _2udc
_cBK
999 _c24563
_d24563